| 000 | 01681nam a22004697a 4500 | ||
|---|---|---|---|
| 001 | 104 | ||
| 003 | FISKH | ||
| 005 | 20250307104901.0 | ||
| 008 | 230224b cb ||||| |||| 00| 0 eng d | ||
| 010 | _a 2012043426 | ||
| 020 | _a9781423140047 | ||
| 020 | _a9780545565578 | ||
| 040 |
_aDLC _beng _cDLC _erda _dDLC _dDLC _dFISKH |
||
| 042 |
_alcac _apcc |
||
| 050 | 1 | 0 |
_aPZ7.R4842 _bSv 2013 |
| 082 | 0 | 0 |
_a796.357 _223 |
| 100 | 1 |
_aRipken, Cal, _cJr., _d1960- |
|
| 240 | 1 | 0 | _aSuper-sized slugger |
| 245 | 1 | 0 |
_aSuper slugger : _ba novel / _cCal Ripken, Jr. ; with Kevin Cowherd. |
| 264 | 1 |
_aNew York : _bScholastic _c2012 |
|
| 300 |
_a183 pages : _c20 cm |
||
| 336 |
_atext _2rdacontent |
||
| 337 |
_aunmediated _2rdamedia |
||
| 338 |
_avolume _2rdacarrier |
||
| 500 | _aOriginally published in 2012 under title: Super-sized slugger. | ||
| 505 | _aL | ||
| 520 | _aThirteen-year-old Cody Parker moves to Baltimore, Maryland, where as a fat eighth-grader, he has to deal with brutal teasing from a baseball teammate, and his school is beset by a rash of mysterious thefts that threaten to sideline Cody and ruin a golden season for his team. | ||
| 521 | 8 |
_a800
_bLexile |
|
| 521 | 8 |
_aL
_bRaz-Plus |
|
| 650 | 1 |
_aBaseball _vFiction. |
|
| 650 | 1 |
_aMoving, Household _vFiction. |
|
| 650 | 1 |
_aOverweight persons _vFiction. |
|
| 650 | 1 |
_aBullies and bullying _vFiction. |
|
| 650 | 1 |
_aStealing _vFiction. |
|
| 650 | 1 |
_aSchools _vFiction. |
|
| 650 | 1 |
_aMiddle schools _vFiction. |
|
| 650 | 1 | _aMystery and detective stories. | |
| 651 | 1 |
_aBaltimore (Md.) _vFiction. |
|
| 700 | 1 | _aCowherd, Kevin. | |
| 906 |
_a7 _bcbc _corignew _d1 _eecip _f20 _gy-gencatlg |
||
| 942 |
_2ddc _cBK _n0 |
||
| 999 |
_c104 _d104 |
||